000 00810nam a2200181Ia 4500
008 100920s9999 xx 000 0 und d
082 _b70375
_a51 थ 97
100 _aसंपादक-नाडकर्णी सुरेश, गाडगीळ मिलिंद, शिधये श्रीराम.
245 _aअसाही एक पंडितराज विद्याधर.
260 _bवसंत बुक स्टॉल, दादर मुंबई 28.
_c1997
300 _a248
_bसाधी
365 _b125
520 _aचरित्र.
630 _aअसाही एक पंडितराज विद्याधर.
650 _aचरित्र.
730 _aअसाही एक पंडितराज विद्याधर.
942 _cBOOK
999 _c712399
_d712396